Vybrané aspekty riadenia podnikových údajov a informácií na Slovensku

Skúmanie prístupu manažmentu podnikov na Slovensku k informačnému manažmentu (IM). Stanovenie troch výskumných hypotéz zameraných na posúdenie úrovne IM v závislosti od stanovených parametrov, a to: rozsahu územného pôsobenia podnikov, od vlastníctva podnikov a od existencie samostatného útvaru IKT.

Salvato in:
Dettagli Bibliografici
Autore principale: Hamranová, Anna, 1957-
Altri autori: Beláňová, Benita, 1973-, Töröková, Anikó, 1963-
Natura: Capitolo di libro
Lingua:slovacco
Soggetti:
Tags: Aggiungi Tag
Nessun Tag, puoi essere il primo ad aggiungerne!!

MARC

LEADER 00000naa a2200000 4500
001 0272045
005 20240521104549.2
041 0 |a slo 
044 |a CZ 
245 1 0 |a Vybrané aspekty riadenia podnikových údajov a informácií na Slovensku  |c Anna Hamranová, Benita Beláňová, Anikó Töröková 
520 |a Skúmanie prístupu manažmentu podnikov na Slovensku k informačnému manažmentu (IM). Stanovenie troch výskumných hypotéz zameraných na posúdenie úrovne IM v závislosti od stanovených parametrov, a to: rozsahu územného pôsobenia podnikov, od vlastníctva podnikov a od existencie samostatného útvaru IKT. 
610 2 0 |a dáta 
610 2 0 |a manažment informačný 
610 2 0 |a modely 
610 2 0 |a dotazníky 
610 2 0 |a dolovanie dát 
610 2 0 |a štatistika 
100 1 |a Hamranová, Anna, 1957- 
700 1 |a Beláňová, Benita, 1973- 
700 1 |a Töröková, Anikó, 1963-